000 00589cam a2200193 4500500
005 20260405003908.0
041 _afre
042 _adc
100 1 0 _aEltchaninoff, Michel
_eauthor
245 0 0 _aDe la finlandisation à l’ukrainisation
260 _c2025.
500 _a36
690 _aMichel Eltchaninoff
690 _aNégociation
690 _aRussie
690 _aUkraine
786 0 _nPhilosophie magazine | 186 | 1-2 | 2025-02-01 | p. 20-20 | 1951-1787
856 4 1 _uhttps://shs.cairn.info/magazine-philosophie-magazine-2025-2-page-20?lang=fr&redirect-ssocas=7080
999 _c2071861
_d2071861